|
|
|
|
| LEADER |
01334nam a2200337 a 4500 |
| 001 |
35252 |
| 003 |
BD-DhAAL |
| 005 |
20211201133435.0 |
| 008 |
190905t1994 enka b 001 0 eng |
| 999 |
|
|
|c 41118
|d 41118
|
| 010 |
|
|
|a 93044325
|
| 020 |
|
|
|a 0415088623 (hbk.)
|
| 020 |
|
|
|a 0415088631 (pbk.)
|
| 020 |
|
|
|a 9780415088633
|
| 040 |
|
|
|a DLC
|c DLC
|d DLC
|b BD-DhAAL
|
| 043 |
|
|
|a e-uk---
|
| 050 |
0 |
0 |
|a LB1776.4.G7
|b C36 1994
|
| 082 |
0 |
0 |
|a 372.1100941
|2 20
|
| 100 |
1 |
|
|a Campbell, R. J.
|9 34014
|
| 245 |
1 |
0 |
|a Primary teachers at work /
|c R.J. Campbell and S.R.St.J. Neill.
|
| 260 |
|
|
|a London ;
|a New York :
|b Routledge,
|c c1994.
|
| 300 |
|
|
|a xiii, 252 pages :
|b illustrations ;
|c 21 cm.
|
| 490 |
|
|
|a The teaching as work project
|
| 504 |
|
|
|a Includes bibliographical references (p. 235-243) and index.
|
| 526 |
|
|
|a BIED
|
| 541 |
|
|
|a Complimentary copy from BIED
|e 35252
|
| 650 |
|
0 |
|a Elementary school teachers
|z Great Britain
|x Education, Primary
|9 34015
|
| 700 |
1 |
|
|a Neill, S. R. St. J.
|q (Sean Rupert St. John),
|d 1945-
|9 34016
|
| 852 |
|
|
|a Ayesha Abed Library
|c BIED Collection
|
| 942 |
|
|
|2 ddc
|c BK
|
| 952 |
|
|
|0 0
|1 0
|2 ddc
|4 0
|6 372_110094100000000_CAM
|7 0
|9 66144
|a BRACUL
|b BRACUL
|c GEN
|d 2019-09-05
|e Complimentary copy from BIED
|l 0
|o 372.1100941 CAM
|p 3010035252
|r 2019-09-05
|t 1
|w 2019-09-05
|y BK
|x Transferred from BIED to General Stacks
|